000 00541nam a2200205Ia 4500
005 20250508164021.0
008 008 250505s9999 xx 000 0 hin d
020 _a81-88266-03-5
037 _aTextual
040 _aFEDL
_beng
_cFEDL
041 _ahin
_2eng
084 _a370, RAN
_qFEDL
100 _aAlok Ranjan
245 0 _aBharat : Saksharata ki oaur
260 _aNew Delhi, India
_bPratibha Pratishthan
_c1961
300 _a173p
650 _aEducation
942 _cTEXL
_h370, RAN
999 _c1386600
_d1386600